[Event "FIDE-Wch k.o."]
[Site "Tripoli"]
[Date "2004.06.19"]
[Round "1.1"]
[White "Morovic Fernandez, Ivan"]
[Black "Iordachescu, Viorel"]
[Result "1/2-1/2"]
[WhiteElo "2583"]
[BlackElo "2627"]
[Annotator "Golod,V"]
[PlyCount "65"]
[EventDate "2004.06.19"]
[EventType "k.o."]
[EventRounds "7"]
[EventCountry "LBY"]
[SourceTitle "CBM 102"]
[Source "ChessBase"]
[SourceDate "2004.09.23"]
[SourceVersion "1"]
[SourceVersionDate "2004.09.23"]
[SourceQuality "1"]

1. d4 Nf6 2. c4 e6 3. Nc3 Bb4 4. Qc2 O-O 5. a3 Bxc3+ 6. Qxc3 b5 7. cxb5 c6 8.
Bg5 cxb5 9. e3 Bb7 10. f3 $6 {This move does not put the large problems for
Black.} (10. Nf3 $5 {It's main line.You can see my annotations to Xu Jun-Wang
Rui/Yongchuan,2003/CBM 97(1-0)(39)}) 10... a6 $5 ({It deserves serious
attention:} 10... h6 $5 {You can see comments to game: Kramnik,V-Adams,M/
Dortmund,1998/CBM 66(1/2-1/2)(Golod,V)(41)}) ({On:} 10... Nc6 $6 {you can find
two games in Mega DataBase 2004.}) 11. Bd3 Nc6 ({Also twice were checked up in
previous games:} 11... d6) 12. Nh3 $5 $146 {All three games,which have reached
this position were continued as follows:} (12. Ne2 {For an example we shall
consider most interesting of them:} Rc8 (12... h6 $143 13. Bh4 Nd5 $140 $6 14.
Bxd8 Nxc3 15. Bc7 Nd5 16. Bd6 Rfc8 17. e4 $14) 13. O-O Ne4 14. Bxd8 Nxc3 15.
bxc3 Rfxd8 16. Rfb1 {/\a4 +/=/= Drasko,M-Barlov,D/JUG-ch,1995(1/2-1/2)(23)})
12... h6 13. Bxf6 {After this exchange the position has become simpler,and now
White can not receive,even the minimal positional advantage.} ({Can be
recommended:} 13. Bh4 $5 Rc8 {/\Ne5; Nd5 or Ne4} (13... Nd5 $143 14. Bxd8 ({
is senseless:} 14. Bh7+ $6 {because of:} Kh8 $8 (14... Kxh7 $4 15. Qd3+) 15.
Bxd8 Nxc3 16. bxc3 Kxh7 17. Bb6 $11) 14... Nxc3 15. Bh4 (15. Bc7 $2 Nd5 16. Bd6
Nxe3 17. Bxf8 Kxf8 18. Kf2 Nd5 {[%csl Rd4][%cal Gc6d4] =/=/+}) 15... Nd5 16.
Bf2 f5 17. O-O {+/=/=}) 14. O-O Ne5 $140 15. Qd2 Nxd3 16. Qxd3 Bd5 17. b3 {
[%cal Ge3e4]}) 13... Qxf6 14. O-O Rac8 $11 {It became already clear,that Black
have decided all opening problems.} 15. Qd2 {Probably Ivan Morovic Fernandez a
little has hurried with this move.} (15. Nf2 $142) 15... e5 $6 {The very
responsible decision. After this inaccurate move Black will have to fight for
equality.} (15... d5 $5 {/\e5 (><d4)}) 16. d5 $1 {White correctly lock the
pawns centre,his strategy is directed on use of a unsuccessful location of the
black bishop.} (16. dxe5 $143 Nxe5 17. Nf4 Rfe8 18. Rad1 $11) 16... Ne7 17. e4
{[%csl Rb7,Yd5,Ye4,Yf3,Yg2]} Qb6+ 18. Qf2 Qd6 $5 {/\f5 Black wants immediately
to begin pressure on the White's centre.} 19. Rac1 {<->c} f5 20. Qe3 Rxc1 {
Basically,the correct direction of actions - than is less pieces,the less
problems.} (20... f4 $6 21. Qd2 (21. Qa7 $143 Rc7 22. Rxc7 Qxc7 $13 {/\Ra8<->c}
) 21... Qb6+ 22. Qf2 {+/=/=}) 21. Rxc1 fxe4 22. fxe4 Rc8 23. Nf2 (23. Rxc8+
Nxc8 {/\Qb6=}) 23... b4 $6 {Black wrongly actuate of the PP in the queen side.}
(23... Rxc1+ $5 24. Qxc1 $140 Ng6 25. g3 Qb6 $11) 24. Rxc8+ $6 {The a little
bit sample decision.} ({After:} 24. Bc4 $5 a5 (24... bxa3 $143 25. Qxa3 Qxa3
26. bxa3 d6 27. Nd3 $14) 25. axb4 axb4 (25... Qxb4 $2 26. Nd3 Qd6 27. Qa7 $16)
26. Nd3 Ng6 27. Bb3 {White has a obvious positional advantage in the
middlegame.}) 24... Nxc8 25. Bf1 {White exempt a point "d3" for his knight.}
bxa3 26. bxa3 Qb6 {Black had no other worthy alternative.} 27. Qxb6 Nxb6 28.
Nd3 d6 29. Nb2 ({Leads to benefit of the contender:} 29. Nb4 $6 a5 $140 30. Nc6
$2 Bxc6 31. dxc6 Kf7 {[%csl Rc6,Yf7][%cal Yf7e7,Ye7d8,Yd8c7]}) (29. Kf2 $5)
29... Kf7 30. Kf2 {At last white king approaches to a field of fight.} Ke7 31.
Ke3 Kd8 32. Kd2 Kc7 33. Ke3 ({Drawn game is inevitable:} 33. Ke3 Nd7 34. Nc4
Nb6 $140 35. Na5 Nd7 {[%cal Yc7b6]} 36. Nc4 Nb6 $11) ({or} 33. Kc3 Nd7 34. Na4
Nb6 $11) 1/2-1/2

[Event "FIDE World Cup"]
[Site "Khanty-Mansiysk"]
[Date "2005.11.27"]
[Round "1.1"]
[White "Bocharov, Dmitry"]
[Black "Smirnov, Pavel"]
[Result "1-0"]
[WhiteElo "2592"]
[BlackElo "2637"]
[Annotator "Golod,V"]
[PlyCount "65"]
[EventDate "2005.11.27"]
[EventType "k.o."]
[EventRounds "7"]
[EventCountry "RUS"]
[SourceTitle "CBM 111"]
[Source "ChessBase"]
[SourceDate "2006.04.04"]
[SourceVersion "1"]
[SourceVersionDate "2006.04.04"]
[SourceQuality "1"]

1. d4 Nf6 2. c4 e6 3. Nc3 Bb4 4. Qc2 O-O 5. a3 Bxc3+ 6. Qxc3 b6 7. Nf3 Bb7 8.
e3 d5 9. b3 ({The main alternative is:} 9. b4) 9... Nbd7 10. Be2 Rc8 {It is
also possible to rearrange the moves: 10...c5 with the following 11.0-0 Rc8
and we get the same position.} 11. O-O c5 12. a4 $5 {White prevents Black from
advancing "b5" and prepares the "a3" point for his bishop.} ({Quite recently,
I commented a game for CBM 110 with a different alternative:} 12. Rd1 cxd4 13.
exd4 ({After:} 13. Qxd4 $5 dxc4 14. Bxc4 Bxf3 15. gxf3 Ne5 {צd1} 16. Be2 Qxd4
17. Rxd4 {White keep a small advantage.}) 13... Ba6 $11 {Dreev,A-Bologan,V/
Stepanakert,2005(1/2-1/2)(45). It's clear that Black doesn't have any serious
problems in this position. Now he starts to pressure on White's pawns in the
centre.}) 12... cxd4 $146 {I am not sure that this quick relief of pressure in
the center is good for Black.} (12... Qc7 $5 {was checked in the previous
games:} 13. Bb2 Rfd8 14. Rfc1 Qb8 15. dxc5 $5 Rxc5 16. b4 Rcc8 17. Qd4 $1 {
+/=/= Mikhalevski,A-Palac,M/Paris,2000(1/2-1/2) Inf 79/491(Mikhalevski,A)(66)})
(12... a5 $5 13. Rd1 Qc7 14. Ba3 dxc4 15. bxc4 Ng4 16. h3 Bxf3 17. Bxf3 Qh2+
18. Kf1 Ngf6 19. Ke2 {+/=/= Rodshtein,M-Ivanov,S/Stockholm,2006(1/2-1/2)(46)})
13. exd4 Ba6 $6 {The wrong decision, this not a successful place for Black's
bishop.} (13... Qc7 $5 {/\14...dxc4 15.bxc4 Ng4|^}) 14. Ba3 Re8 15. Rac1 $14
Rc7 (15... dxc4 {was hardly better:} 16. bxc4 Qc7 17. Qe3 e5 18. d5 Nc5 19. a5
$1 {with obvious advantage for White.}) 16. Qb2 Ne4 17. Rfd1 Qa8 18. Rc2 {
Black plays without a concrete plan, while White does everything to inprove
his position.} Rec8 19. Rdc1 dxc4 $6 {Another dubious decision.} (19... Bb7 $5
$14) 20. bxc4 {Black's pieces stand before the "c4" pawn, but he can't create
an actual threat on it.} Re8 21. h3 {A good preventive move.} h6 {A little bit
passive continuation.This is a more interesting alternative:} (21... f6 $5 {
[%cal Ge6e5]}) 22. Bb4 Nef6 23. a5 $1 {White gets rid of the last weakness in
his camp.} Qd8 (23... bxa5 $143 24. Bxa5 Rcc8 25. Qa3 $16 {[%csl Gc4,Gd4]}) (
23... Bb7 $5) 24. Qa3 Bb7 25. Bd6 Rc8 26. c5 $1 {[%csl Rb7,Rd7][%cal Cb7e4,
Ce4c2,Gc5c6] Pavel Smirnov returned his bishop to "b7" a bit too early, which
allowed his opponent to create a passed "c" pawn.} bxc5 ({After:} 26... Be4 27.
Rb2 $140 bxa5 $2 (27... bxc5 $143 28. dxc5 $16) 28. Ba6 $1 {Black begins to
have problems with his rook on "c8":} Rc6 (28... Ra8 $2 29. c6 Nb6 30. c7 Qd7
31. Rxb6 $1 axb6 $140 (31... Bxf3 32. Bb5 Qc8 33. Rb8) 32. Ne5 $18 {ףd7}) 29.
Bb7 $18 {צc6}) 27. dxc5 $16 {White has created the threat of "c6".} Be4 (27...
Bc6 $2 {loses the game immediately:} 28. Ba6 Ra8 29. Nd4 Nb8 (29... Be4 $143
30. c6 $18 {[%csl Gc6,Rd7,Rd8][%cal Gc7d8,Yc6c7,Cd7c5,Cc5a6,Gc6d7]}) 30. Nxc6
Nxc6 31. Bb7 $18) 28. Rd2 ({In this position I would accept the following
decision:} 28. Rb2 $5 {<->b; /\Ba6}) 28... Bd5 29. Ba6 {It is necessary to use
the unsuccessful place of Black's rook.} Ne4 $8 (29... Ra8 $2 {leads to an
immediate disaster:} 30. c6 Ne4 31. Rd3 Nxd6 32. Qxd6 Nb8 (32... Nf6 33. Qxd8
Rexd8 34. c7 $18) 33. Qxd8 Rxd8 34. Bb7 $1 $18) 30. Rxd5 $1 exd5 31. Bxc8 Qxc8
32. c6 Nxd6 $2 (32... Ndf6 $142 33. Be5 $16 {and the passed "c" pawn, will
soon decide the outcome of the game.}) 33. Qxd6 $18 (33. Qxd6 {Black resigned,
as after:} Nf6 (33... Nf8 34. c7 $1 (34. Qxd5 $143 Qc7 {[%csl Yc7]}) 34... Ne6
35. a6 $18) 34. c7 Re6 35. Qc5 {[%csl Ra7,Gc7][%cal Gc5a7] White is getting
the win, it is only a matter of time.}) 1-0

[Event "WchT 6th"]
[Site "Beersheba"]
[Date "2005.11.09"]
[Round "8.2"]
[White "Huang, Qian"]
[Black "Morozevich, Alexander"]
[Result "0-1"]
[WhiteElo "2398"]
[BlackElo "2707"]
[Annotator "Golod,V"]
[PlyCount "76"]
[EventDate "2005.11.01"]
[EventType "team-tourn"]
[EventRounds "9"]
[EventCountry "ISR"]
[SourceTitle "CBM 110"]
[Source "ChessBase"]
[SourceDate "2006.01.31"]
[SourceVersion "1"]
[SourceVersionDate "2006.01.31"]
[SourceQuality "1"]
[WhiteTeam "China (W)"]
[BlackTeam "Russia"]
[WhiteTeamCountry "CHN"]
[BlackTeamCountry "RUS"]

1. d4 Nf6 2. c4 e6 3. Nc3 Bb4 4. Qc2 O-O 5. a3 Bxc3+ 6. Qxc3 b6 7. Bg5 Bb7 8.
e3 d6 9. Ne2 Nbd7 10. Rd1 {This is a new idea, which the chinese chess players
started implementing this year. This line is less useful, than 10.Qd3 and 10.
Qc2.} h6 11. Bh4 g5 $5 $146 {A sharp, but useful move in this kind of position.
Black's plan is to play "Ne4, f5 and Ndf6" in order to control the centre. I
think that this decision was taken by Alexander Morozevich, because he needed
to win this game anyway.} ({There are a few examples of more "tempremental"
play:} 11... a5 12. Qc2 a4 13. Nc3 Ra5 14. f3 Qa8 15. Be2 d5 16. O-O (16. cxd5
$5) 16... c5 17. cxd5 Nxd5 18. Nxd5 Bxd5 $11 {Wang Yue-Georgiev,K/Dubai,2005(1/
2-1/2)(47)}) (11... Ne4 $5 12. Bxd8 Nxc3 13. Nxc3 Rfxd8 14. d5 Nf6 15. e4 exd5
16. exd5 c6 $11 {Georgiev,K-Kulaots,K/Gothenburg,2005(1/2-1/2)(35)}) (11... d5
$5 12. f3 c5 13. Qc2 Qc8 $13 {Bu Xiangzhi-Onischuk,A/Beer Sheva,2005(1/2-1/2)
(64)}) 12. Bg3 Ne4 13. Qc2 f5 14. f3 Nxg3 15. hxg3 Kg7 $6 {An inaccuracy.} (
15... Qf6 $142 16. Nc3 a6 17. e4 Rae8 $11) 16. d5 $14 {[%csl Re6,Rf5][%cal
Gd4e6,Gd4f5,Od5e6,Ye2d4] White aspires to use the weaknesses in Black's
position.} Qe7 ({After:} 16... e5 $2 17. g4 f4 (17... fxg4 $2 18. Ng3 $40 {
[%csl Rg7][%cal Gg3h5,Gg3f5]}) 18. exf4 gxf4 (18... exf4 $2 19. Nd4 {><e6,f5 +-
}) 19. Nc3 $16 {White also keeps a big advantage.}) 17. Qc3+ $2 {In this and
part of the annotations, i'll use the comments of GM Alexey Bezgodov (from the
site www.chesspro.ru).} ({It's not clear why the Chinese player avoided the
next variation:} 17. Nd4 $1 {Bezgodov,A} exd5 (17... Nc5 $2 18. b4 {קe6}) 18.
cxd5 (18. Nxf5+ $143 Rxf5 19. Qxf5 Qxe3+ 20. Be2 Re8 $1 21. Qc2 Nc5 $44) 18...
Qxe3+ 19. Be2 Bxd5 (19... Rae8 $2 20. Qxc7 Bc8 21. Ne6+ Kg8 22. Rxh6 $18) 20.
Nxf5+ Rxf5 21. Qxf5 Be6 22. Qc2 Re8 23. Rd3 {with obvious advantage of White.})
17... e5 {By this move Black stabilized the pawn structure in the centre. Now
both sides start to regroup their forces.} 18. Qc2 Bc8 19. Nc3 Nf6 20. Be2 Bd7
21. Kd2 ({Deserves attention:} 21. Kf2 $5) 21... Qf7 {[%csl Rg3][%cal Gf6h5,
Gh5g3]} 22. Bd3 (22. Kc1 $6 {is not good:} Nh5 23. Rh3 g4 24. fxg4 fxg4 25. Rh4
Nxg3 $1 26. Bxg4 Qf6 27. Rh3 Bxg4 28. Rxg3 Qh4 29. Ne4 (29. Ne2 $143 Rf2 30.
Qe4 h5 31. Re1 Raf8 $17) 29... Kh8 $15) ({But it was interesting to check:} 22.
f4 $5 {in order to fix Black's pawn on "f5" and to block the black bishop.} c6
23. Kc1 cxd5 24. Nxd5 Rac8 25. Nc3 $14) 22... e4 $1 {Alexander Morozevich
sacrificed a pawn in order to open the position and and free the "e5" square
for his pieces.} 23. fxe4 (23. Be2 $143 Nh5 {[%csl Rg3]}) 23... fxe4 24. Bxe4
$6 {It is interesting to know what Alexander Morozevich planned after:} (24.
Nxe4 $5 Nxe4+ (24... Ng4 $6 25. Qc3+ Ne5 26. Kc1 Bf5 27. Nf2 $14) 25. Bxe4 Qf2+
26. Kd3 Qxc2+ 27. Kxc2 Rae8 28. Kd3 Re5 29. Rde1 Rfe8 $11) 24... Ng4 {=/=/+}
25. Rde1 ({Not enough for equality:} 25. Rhf1 {Bezgodov,A} Qxf1 26. Rxf1 Rxf1
27. Qd3 (27. Bf3 Ne5 28. Ke2 Rg1 29. Kf2 Rh1 $15) 27... Raf8 28. Qd4+ Ne5 29.
Kc2 a5 $15) ({Also after:} 25. Rhe1 Qf2+ 26. Re2 Qxg3 27. Kc1 Ne5 {=/=/+
Black's position is better.}) 25... Qf2+ 26. Kc1 (26. Re2 $143 Qxg3 27. Nd1
Rae8 28. Kc1 Rf6 $15 {/\Ref8, Rf1}) 26... Qxg3 (26... Qxc2+ $5 27. Bxc2 (27.
Kxc2 $2 Nf2 28. Rhf1 Nxe4 29. Nxe4 Bf5 30. Kd3 Rae8 31. Rxf5 Rxf5 $17) 27...
Rf2 28. Rhg1 {=/=/+}) 27. Nd1 {Too passive.} (27. Bf3 $5) 27... Rae8 28. Qc3+
$2 {Incredibly! It's the second time, during this game, that Huang Qian plays
"Qc3+" and for the second time, this move is unsuccessful.} (28. Bf3 $5 Ne5 29.
Be4 {=/=/+}) 28... Qe5 $17 29. Qxe5+ $6 (29. Qd4 $142 Qxd4 30. exd4 Rf4 31. Bc2
Rxd4 32. Rxe8 Bxe8 $17) (29. Bf3 $143 Qxc3+ 30. bxc3 (30. Nxc3 Nf2 $19) 30...
Ne5 $17) 29... Nxe5 {Black's position is almost winning. Numerous white
weakness make the rest of the game a matter of technique.} 30. Bc2 Bg4 $5 {
The idea of this move - is to exchange the bishop for the knight and to enter
the "f2" field.} (30... Nxc4 $5) 31. Nc3 (31. b3 Bxd1 32. Kxd1 Ng4 {[%csl Re3,
Rf2][%cal Gg4e3,Gg4f2]}) 31... Rf2 32. Rhg1 Nxc4 33. e4 a6 {Prevented 34.Nb5.}
34. a4 Ne5 35. b3 Rc8 {[%csl Rc2,Rc3][%cal Gc7c6]} 36. Ref1 Rcf8 $19 37. Re1 h5
38. Kb1 (38. Nd1 Bxd1 39. Kxd1 h4 $19 {[%cal Gg7g6,Gg6h5,Gh5g4,Gg4g3]}) 38...
Rd2 {The further resistance is senseless.} 0-1

[Event "EU-chT (Men) 13th"]
[Site "Leon"]
[Date "2001.11.06"]
[Round "1.2"]
[White "Piket, Jeroen"]
[Black "Stohl, Igor"]
[Result "1/2-1/2"]
[WhiteElo "2649"]
[BlackElo "2534"]
[Annotator "Golod,V"]
[PlyCount "98"]
[EventDate "2001.11.06"]
[EventType "team-swiss"]
[EventRounds "9"]
[EventCountry "ESP"]
[SourceTitle "CBM 086"]
[Source "ChessBase"]
[SourceDate "2002.02.05"]
[SourceVersion "1"]
[SourceVersionDate "2002.02.05"]
[SourceQuality "1"]
[WhiteTeam "Netherlands"]
[BlackTeam "Slovakia"]
[WhiteTeamCountry "NED"]
[BlackTeamCountry "SVK"]

1. d4 Nf6 2. c4 e6 3. Nc3 Bb4 4. Qc2 O-O 5. a3 Bxc3+ 6. Qxc3 b6 7. Bg5 Ba6 8.
e3 d6 9. Bd3 Nbd7 10. Ne2 $5 {Besides,white has two principales moves:} (10. b4
$5 {See comments to Jelen,I-Gyimesi,Z/Baden, 1999/CBM 71(1/2-1/2)(Golod,V)(25)}
) ({and} 10. Nf3 $5) 10... c5 ({Also it deserves attention:} 10... Rc8) ({and} 
10... h6) 11. Qc2 h6 12. Bh4 Rc8 13. Qa4 Bb7 ({Very interestingly:} 13... cxd4
$5 14. Bxf6 $140 (14. Qxa6 $4 Nc5 $19) 14... Nc5 15. Bxd8 Nxa4 16. Bh4 Nxb2 17.
Nc1 Nxd3+ 18. Nxd3 dxe3 19. fxe3 Rxc4 $13 {Wang Lei-Torre,E/Quezon City,2000(1/
2-1/2)(43)}) 14. O-O Qc7 (14... Bc6 $5 {Looks rather logically.The bishop with
tempo becomes on "c6", allowing thus,to become on his place-Q. See comments to
Goloshchapov,A-Ehlvest,J/Ohrid,2001/CBM 84(1/2-1/2)(Golod,V)(39)}) ({
Repeatedly was checked in the previous games:} 14... a6) (14... a6) ({and} 
14... cxd4) 15. Nc3 {Probably,it not the best move!} ({Can be recommended:} 15.
Rfc1 $5 cxd4 (15... Qb8 $143 16. Nc3 Bc6 17. Qd1 Qb7 18. Bf1 d5 19. cxd5 Nxd5
20. Nb5 $14 {Sasikiran,K-Prasad,D/Mumbai,2000(1-0) (50)}) (15... Rfe8 16. Nc3
Qb8 17. Bf1 a6 18. Qd1 Qc7 19. b4 Ne4 20. Nxe4 Bxe4 21. f3 Bb7 22. Ra2 Nf8 23.
Bg3 e5 24. Rd2 $14 {Markus,R-Geanta,H/Balatonlelle,2000(1-0) (41)}) 16. exd4
Be4 17. Bxe4 Nxe4 18. Nc3 Nxc3 {+/=/=; 1/2-1/2 Nielsen,P-Rozentalis,E/
Wattenschied,2000(18)}) ({or} 15. Rac1 $5 cxd4 16. exd4 Be4 17. Bxe4 Nxe4 18.
Rfd1 Qb7 19. d5 (19. Ng3 $5) 19... e5 20. Qc2 {+/=/= Drasko,M-Vratonjic,S/
Niksic,1997(1/2-1/2) (26)}) 15... a6 16. Rac1 ({Is a possible continuation of
the play:} 16. Qd1 Rce8 $6 {Strange decision.} ({More logically:} 16... Rfe8 $5
) ({or} 16... Qc6 17. f3 d5 18. cxd5 Nxd5 19. Nxd5 exd5 {with approximately
equal position.}) 17. Rc1 Qc6 18. f3 $8 d5 19. cxd5 Nxd5 20. Bf2 $14 {See
comments to San Segundo Carrillo,P-Tiviakov,S/Mondariz,2000/CBM 79(0-1) (Golod,
V)(40)}) ({or} 16. Rad1 d5 17. Bg3 Qd8 18. cxd5 b5 19. Qb3 Nxd5 20. a4 Nxc3 21.
bxc3 Bd5 22. Qb2 Nb6 {1/2-1/2 Bareev,E-Kortschnoj,V/Sarajevo,1998 (22)}) 16...
Rfe8 (16... Bc6 $143 17. Qd1 Qb7 (17... cxd4 18. exd4 Qa7 19. Qe2 Rfe8 20. Rfe1
$14 {Inarkiev,E-Mitkov,M/Istanbul,2000(1-0)(44)}) 18. d5 exd5 19. cxd5 Nxd5 20.
Nxd5 Bxd5 21. Bxa6 Qxa6 22. Qxd5 Ne5 23. Rc3 $6 (23. Rfd1 $142 $14) 23... b5
24. e4 Qc6 $11 {Duppel,M-Handke,F/Mainz,2000 (1/2-1/2)(35)}) 17. Qd1 Qb8 18.
dxc5 $146 ({Looks more essentially:} 18. d5 exd5 19. Nxd5 Nxd5 20. cxd5 Rc7 21.
Bg3 Ne5 22. Bb1 $14 {Georgiev,K-Polgar,J/Batumi,1999(1/2-1/2)(92)}) 18... bxc5
{Let's consider also other variants of a capture:} (18... Rxc5 $5 19. b4 $140
Rc7 {[%csl Ya6,Yb6,Yd6,Ye6]}) (18... Nxc5 $6 19. Bxf6 Nxd3 (19... gxf6 $143 20.
Bc2 {+/=/+/-}) 20. Qxd3 gxf6 21. Qd4 {[%csl Rb6,Rf6]} Kg7 22. Rfd1 $14) (18...
dxc5 $6 19. Bg3 $14) 19. Qc2 {+/=/=} ({On:} 19. e4 $5 {[%cal Gf2f4] black
should react:} e5 {[%csl Ye5][%cal Ye5f4] +/=/=}) 19... Qa8 $6 {/^a8-h1 It was
not necessary to cause the following move of white.} (19... Bc6 $142) 20. e4
$14 {[%cal Gf2f4]} e5 ({Very weakly:} 20... d5 {because of:} 21. exd5 exd5 22.
cxd5 Nxd5 23. Bh7+ Kh8 24. Bf5 {+/=/+/-}) 21. Rfd1 {[%csl Rd6]} g5 22. Bg3 Nf8
{[%cal Gf8e6,Ge6d4]} ({Much worse is:} 22... Nh5 23. Be2 Nxg3 24. hxg3 {
[%csl Rd6,Rf5]} Rc6 25. Nd5 Qd8 26. Rb1 $36 {[%cal Gb2b4]}) 23. Nd5 {[%csl Rb6,
Rf6][%cal Gd5b6,Gd5f6] Differently,black can transfer the knight on "d4" 
(Nf8-e6-d4).} Bxd5 (23... Nxd5 $143 24. exd5 {/^b1-h7}) 24. cxd5 Nh5 $6 {
Black want to exchange one of the bishops.} (24... Ng6 $142 25. f3 Nf4 26. Bf1
{[%csl Ra6,Gf1,Gg3] /\Bf2,g3}) 25. Qe2 Nf4 $1 ({After:} 25... Nxg3 26. hxg3 {
[%csl Rf5,Yg3][%cal Yg3f4] black get a strategically losing position.}) 26.
Bxf4 exf4 {[%csl Re5]} 27. Bxa6 $16 Rb8 ({Very interestingly:} 27... f3 $5 28.
gxf3 Rb8 {[%csl Re5,Rf4][%cal Gf8g6,Gg6f4]}) 28. Bb5 Re7 29. a4 $6 ({In my
opinion,it was better:} 29. Bc6 Qa7 30. Rc4 $16 {[%cal Gb2b4,Gc4a4]}) 29... Ng6
30. f3 Ne5 {[%csl Yc5,Yd6,Ye5,Yf4,Yg5,Yh6][%mdl 256]} 31. Qd2 Qa7 32. h3 {
Superfluous preventive move.} (32. Kh1 $142 {[%cal Gb2b4]}) 32... Kg7 33. Kh1
h5 {[%csl Rh1]} 34. b4 Rc8 35. Bc6 ({Can it was necessary to leave the bishop
on a point "b5":} 35. bxc5 Rxc5 36. Rxc5 Qxc5 37. Rc1 Qb6 {+/=/+/-}) 35... cxb4
36. Qxb4 Qb8 $1 37. Qxb8 $6 {Probably,it was necessary to evade from exchange:}
(37. Qd4) ({or} 37. Qd2) 37... Rxb8 38. Bb5 $6 (38. Rb1 $142 Rc8 39. a5 Nxc6
40. dxc6 Rxc6 41. Rb6 $16) 38... g4 39. Rc3 {[%csl Yc3]} Kf6 40. Rf1 {[%csl
Gf1,Rf4][%cal Gf3g4]} gxh3 (40... Kg5 $5) 41. gxh3 Ra7 42. Rg1 Raa8 $1 43. h4
Rc8 44. Ra3 (44. Rgc1 $143 Rxc3 45. Rxc3 Ng6 $132 {[%csl Rh4][%cal Yf6e5]})
44... Rc2 $132 {[%csl Rh1]} 45. Rg2 ({Loses right away:} 45. a5 $4 {in view of:
} Rxa5 $1 {[%csl Ra3,Rb5]} 46. Bd3 (46. Rb3 $2 Rxb5 47. Rxb5 Nxf3 {[%csl Rh1]
[%cal Gc2h2]} 48. Rg2 Rc1+) (46. Rxa5 $143 Nxf3 47. e5+ Kxe5 48. Re1+ Nxe1 $19)
46... Rxa3 47. Bxc2 Nxf3 $19) 45... Rc1+ 46. Kh2 Rac8 {[%cal Gc8c2] /\Re1,Rcc1
(עh2)} 47. Bc6 (47. Rf2 Rg8 {[%cal Gg8g1]} 48. Rg2 Rgc8 $132) 47... Rb8 {
[%cal Gb8b1]} (47... Nxc6 $2 48. dxc6 R8xc6 49. a5 {+/=/+/-}) 48. Bb5 Rbc8 49.
Bc6 Rb8 {After a long defence,black should be glad to repeat the moves.}
1/2-1/2